000 00372nam a2200133Ia 4500
008 220217s9999 xx 000 0 und d
100 _aSajini, A.P.
245 0 _aCure characteristics and vulcanizate properties of NR/NBR blends
260 _bUniversity of Calicut
_a Calicut
_c2009
300 _a48
500 _aCourse: M.Sc.
700 _aDr Benny George
942 _cTS
999 _c74272
_d74272